Physiological control systems : (رقم التسجيلة. 42678)

تفاصيل مارك
000 -الفاتح
حقل البيانات ثابتة الطول 01102pam a2200313 a 4500
003 - محدد رقم الضبط
رقم الضبط OSt
005 - وقت وتاريخ اخر تعامل مع التسجيلة
رقم الضبط 20180829180554.0
008 - عناصر البيانات ثابتة الطول - معلومات عامة
حقل البيانات ثابتة الطول 990413s2018 nyua b 001 0 eng
020 ## - الرقم الدولى المعيارى للكتب
الرقم الدولى المعيارى للكتاب 9781119055334
040 ## - مصدر الفهرسة
وكالة الفهرسة الأصلية DLC
وكالة النسخ DLC
وكالة التعديل DLC
-- OrLoB
لغة الفهرسة eng
042 ## - رمز التحقق
رمز التحقق pcc
050 00 - رقم طلب مكتبة الكونجرس
رقم التصنيف QP33.6.M36
رقم المادة K48 2000
082 00 - رقم تصنيف ديوى العشرى
رقم التصنيف 571.7015118
رقم الطبعة 21
رقم المادة KMP
100 1# - المدخل الرئيسى - إسم شخصى
الإسم الشخصى Khoo, Michael C. K.
9 (RLIN) 64538
245 10 - بيان العنوان
العنوان Physiological control systems :
بقية العنوان analysis, simulation, and estimation /
بيان المسئوليه,etc Michael C.K. Khoo.
260 ## - PUBLICATION, DISTRIBUTION, ETC. (IMPRINT)
مكان الناشر او الموزع New York :
اسم الناشر او الموزع IEEE Press,
تاريخ النشر أو التوزيع c2018.
300 ## - الوصف المادى
التعداد xvii, 429 p. :
تفاصيل ماديه اخرى للوعاء ill. ;
أبعاد الوعاء 27 cm.
490 1# - بيان السلسلة
عنوان السلسلة IEEE Press series on biomedical engineering.
500 ## - تبصرة عامة
تبصرة عامة "IEEE Engineering in Medicine and Biology Society, sponsor."
504 ## - تبصرة ببليوجرافية
تبصرة ببليوجرافية,الخ Includes bibliographical references and index.
650 #0 - المدخل الاضافى بالموضوع-مصطلح موضوعى
مصطلح موضوعي أو اسم جغرافي كعنصر مدخل Physiology
التقسيم الفرعي العام Mathematical models.
9 (RLIN) 41885
650 #0 - المدخل الاضافى بالموضوع-مصطلح موضوعى
مصطلح موضوعي أو اسم جغرافي كعنصر مدخل Biological control systems
التقسيم الفرعي العام Mathematical models.
9 (RLIN) 64539
710 2# - المدخل الاضافى - اسم هيئه
اسم الهيئة أو اسم السلطة كمدخل IEEE Engineering in Medicine and Biology Society.
9 (RLIN) 64540
942 ## - عناصر المدخل الإضافي( كوها)
Koha [default] item type كتاب
908 00 - ضع فاص الحقل(RLIN)
Put command parameter QP33.6.M36
981 ## - احالة مرجعية-بيان السلسلة -اسم جماعى-عنوان[LOCAL, CANADA]
اسم الهيئة أو اسم السلطة كمدخل BNA
وحده ملحقة SNG
موقع المؤتمر S
المقتنيات
حالة الفقد نموذج السعر الفعال حالة تلف ليس للاعارة رقم الطلب تاريخ الاكتساب الموقع الحالي الباركود الفرع الرئيسي Date last seen نوع المادة فى نظام كوها مصدر التصنيف او خطة الترفيف Total Checkouts
  2018-08-29     571.7015118 KMP 2018-08-29 المكتبة المركزية بالمجمعة (CL) 00657514 المكتبة المركزية بالمجمعة (CL) 2018-08-29 كتاب Dewey Decimal Classification  
  2018-08-29     571.7015118 KMP 2018-08-29 المكتبة المركزية بالمجمعة (CL) 00657515 المكتبة المركزية بالمجمعة (CL) 2018-08-29 كتاب Dewey Decimal Classification  
  2018-08-29     571.7015118 KMP 2018-08-29 المكتبة المركزية بالمجمعة (CL) 00657516 المكتبة المركزية بالمجمعة (CL) 2018-08-29 كتاب Dewey Decimal Classification  
  2018-09-04     571.7015118 KMP 2018-09-04 مكتبة كلية العلوم الطبية التطبيقية بالمجمعة - طالبات (AMF) 00657743 مكتبة كلية العلوم الطبية التطبيقية بالمجمعة - طالبات (AMF) 2018-09-04 كتاب Dewey Decimal Classification  
  2018-09-04     571.7015118 KMP 2018-09-04 مكتبة كلية العلوم الطبية التطبيقية بالمجمعة - طالبات (AMF) 00657744 مكتبة كلية العلوم الطبية التطبيقية بالمجمعة - طالبات (AMF) 2018-09-04 كتاب Dewey Decimal Classification